00373nam a22001217a 4500008004100000100002900041245003200070260002600102300000900128942000700137952009000144999001700234230623b |||||||| |||| 00| 0 eng d aMayadhar, Mansinha98923 aHistory of oriya literature bSahity Akedmi,c1962. a282p cBK 01104070aRNLbRNLcGENd2022-12-27eDDCg8.00l0p7014r2022-12-27w2022-12-27yBK c38933d38933